| 000 | 00000nas 2200000zi 4500 |
| 001 | 9.890378 |
| 003 | CaOODSP |
| 005 | 20231123123446 |
| 006 | m o d f |
| 007 | cr ||||||||||| |
| 008 | 200812d19942007oncar p o f0###b0fre|d |
| 040 | |aCaOODSP|bfre|erda|cCaOODSP |
| 043 | |an-cn--- |
| 086 | 1 |aIu1-4F-PDF |
| 110 | 1 |aCanada. |bIndustrie Canada, |eauteur, |eorganisme de publication. |
| 245 | 10|aLoi sur l'accès à l'information et Loi sur la protection des renseignements personnels, rapports annuels. |
| 246 | 1 |iLa livr. de 1998/1999 comporte le titre de la couv.: |aLoi sur l'accès à l'information et la Loi sur la protection des renseignements personnels, rapport annuel ... au Parlement |
| 246 | 1 |iLa livr. de 1999/2000 comporte le titre: |aLoi sur l'accès à l'information et la Loi sur la protection des renseignements personnels, rapport annuel ... au Parlement |
| 246 | 1 |iLes livr. de 2000/2001 à 2006/2007 comportent le titre: |aRapport annuel … concernant la Loi sur l'accès à l'information et la Loi sur la protection des renseignements personnels |
| 264 | 1|aOttawa : |bIndustrie Canada = Industry Canada, |c[1994-2007] |
| 310 | |aAnnuel |
| 336 | |atexte|btxt|2rdacontent/fre |
| 337 | |ainformatique|bc|2rdamedia/fre |
| 338 | |aressource en ligne|bcr|2rdacarrier/fre |
| 500 | |aPublié aussi en anglais sous le titre : Access to information and privacy acts, annual reports. |
| 500 | |aÉdition numérisée de l'imprimé [par Innovation, Sciences et Développement économique Canada]. |
| 515 | |aL'année d'activité se termine le 31 mars. |
| 588 | |aDescription d'après : 1993/1994. |
| 588 | |aDernière livraison consultée : 2006/2007. |
| 610 | 16|aCanada. |bIndustrie Canada|vPériodiques. |
| 610 | 16|aCanada. |tLoi sur l'accès à l'information|vPériodiques. |
| 610 | 16|aCanada. |tLoi sur la protection des renseignements personnels|vPériodiques. |
| 650 | 6|aInformation sur l'État|zCanada|vPériodiques. |
| 650 | 6|aArchives publiques|zCanada|vPériodiques. |
| 650 | 6|aLiberté d'information|zCanada|vPériodiques. |
| 650 | 6|aDroit à la vie privée|zCanada|vPériodiques. |
| 655 | 7|aPériodiques|2rvmgf |
| 775 | 08|tAccess to information and privacy acts, annual reports.|w(CaOODSP)9.890379 |
| 780 | 00|tLoi sur l'accès à l'information et Loi sur la protection des renseignements personnels, rapports annuels.|w(CaOODSP)9.886544 |
| 785 | 00|tRapport annuel ... concernant la Loi sur l'accès à l'information |w(CaOODSP)9.502875 |
| 785 | 00|tRapport annuel de ... concernant la Loi sur la protection des renseignements personnels |w(CaOODSP)9.502870 |